Statistics for British Royal Family Quiz : Pictures

Click here to take the quiz!

General Stats

  • This quiz has been taken 115 times
  • The average score is 15 of 16

Answer Stats

Answer% Correct
Elizabeth II
100%
Prince William
99%
Prince Andrew
96%
Prince Charles
96%
Prince Henry
96%
Prince Phillip
96%
Princess Anne
96%
Princess Diana
96%
Camilla Parker-Bowles
95%
Princess Beatrice
91%
Prince Edward
89%
Sarah Ferguson
89%
Princess Eugenie
88%
The Queen Mother
86%
Princess Margaret
84%
George VI
82%

Score Distribution

Percentile by Number Answered

Percent of People with Each Score

Your Score History

You have not taken this quiz